1051 1157 1721 1137 1845 1135 1683 1123 1409 1213 1753 1141 1039 1336 1012 1855 1876 1849 1823 1857 1105 1405 1214 1962 1054 1538 1262 1882 1993 1623 1069 1068 1490 1542 1904 1981 1390 1797 1914 1228 1932 1775 1445 1496 1874 1442 1597 1889 1429 1399 1829 1341 1765 1824 1896 1645 1819 1021 1075 1701 1637 1892 1655 1320 1210 1416 1098 1258 1896 1541 1135 1618 1606 1217 1157 1630 1062 1026 1301 1801 1065 1552 1975 1028 1893 1661 1756 1982 1919 1043 1117 1870 1194 1897 1242 1007 1914 1473 1369 BCNSPRNW ULIB Ver.6.0+V

เปลี่ยนเป็นภาษาไทย

Change to English
 แสดงรายละเอียดบรรณานุกรม
  กลับหน้าหลัก

Brief Record : Get Marc (ISO 2709) : E-mail record : QR code < ปิดหน้าต่าง
LEADER : 00000nam 2200000uu 4500
001    13399121206
003     ULIB
008    121108s2546||||th 000 0 tha d
020    ^a9748854752
050    ^aLB^bส239ค
100 0  ^aสมชาติ กิจยรรยง
245 10 ^aความฉลาดรู้ของผู้นำ LQ/^bสมชาติ กิจยรรยง
250    ^aพิมพ์ครั้งที่ 3.
260    ^aกรุงเทพฯ :^bธีระป้อมวรรณกรรม,^c2546
300    ^a228 หน้า
650  7 ^aผู้นำ
945    ^p220^l0^i13558
945    ^p220^l0^i13559
999 ^a วิภา
รายการนี้ยังไม่มีแท็ก
คุณยังไม่ได้ล็อกอิน คุณสามารถมีกิจกรรมร่วมกับเว็บไซต์ได้ แต่ต้องล็อกอินก่อน ::
  ล็อกอิน

รายการสื่อสารสนเทศ

ลำดับที่ ประเภท เลขเรียก/บาร์โค้ด สถานที่ สถานะ
1. วิทยาศาสตร์การแพทย์ และสุขภาพ
วิทยาศาสตร์การแพทย์ และสุขภาพ
LB ส239ค  
  Barcode: 13558
ห้องสมุดวิทยาเขตสวรรค์ประชารักษ์
►หนังสือทั่วไป
บนชั้น
2. วิทยาศาสตร์การแพทย์ และสุขภาพ
วิทยาศาสตร์การแพทย์ และสุขภาพ
LB ส239ค ฉ.2 
  Barcode: 13559
ห้องสมุดวิทยาเขตสวรรค์ประชารักษ์
►หนังสือทั่วไป
บนชั้น

รายการใกล้เคียง
    ผู้แต่ง [สมชาติ กิจยรรยง]

    หัวเรื่อง [ผู้นำ]

BibComment


ยังไม่เคยถูกคอมเมนท์

คอมเมนท์ทรัพยากรรายการนี้
  คอมเมนท์: ความฉลาดรู้ของผู..


 Copyright 2026. Bcnsprnw @Library